Statistics for Periodic Table Categories

Click here to take the quiz!

General Stats

  • This quiz has been taken 27 times
  • The average score is 5 of 10

Answer Stats

Answer % Correct
Noble Gases
89%
Alkali Metals
68%
Halogens
53%
Actinides
53%
Lanthanides
53%
Non Metals
42%
Semi Metals
37%
Transition Metals
32%
Alkaline Metals
26%
Basic Metals
16%

Score Distribution

Percentile by Number Answered

Percent of People with Each Score

Your Score History

You have not taken this quiz